000 00262nam a22000977a 4500
999 _c11794
_d11794
008 200217b ||||| |||| 00| 0 eng d
020 _a057006192X
100 _aMcElroy Molly
_97476
245 _aJesus Forgives Peter
260 _aUSA
_bConcordia Publishing House
_c1985